Circuit / (Record no. 28999)
[ view plain ]
| 000 -LEADER | |
|---|---|
| campo di controllo lung. fissa | 00955ngm a22002777i 4500 |
| 001 - Numero di controllo | |
| campo di controllo | IT\ICCU\UBO\2990261 |
| 003 - Identificatore del numero di controllo | |
| campo di controllo | ItRI |
| 005 - Data e orario dell'ultima transazione | |
| campo di controllo | 20260502145514.0 |
| 008 - Elementi di lunghezza fissa--Informazione generale | |
| campo di controllo lung. fissa | 061102s2001 it |||||||||||||||k|||||c |
| 028 42 - Numero dell’editore o distributore | |
| Numero dell’editore o distributore | EMK04048P |
| 040 ## - Fonte della catalogazione | |
| Lingua della catalogazione | ita |
| Agenzia che fa la trascrizione | Centro di documentazione Omologie (CIG Arcigay Milano) |
| 041 #7 - Codice di lingua | |
| Codice di lingua del testo/traccia sonora o titolo separato | eng |
| -- | ita |
| Fonte del codice | ISO-639-2 |
| 130 0# - Accesso principale--titolo uniforme | |
| Titolo uniforme | Circuit < film ; 2001 > |
| 245 00 - Formulazione del titolo | |
| Titolo | Circuit / |
| Formulazione di responsabilità, ecc. | un film di Dirk Shafer. |
| 260 ## - Pubblicazione, distribuzione, ecc. (stampa) | |
| Luogo di pubblicazione, distribuzione, ecc. | [Milano] : |
| Nome dell'editore, distributore, ecc. | Emik, |
| Data di pubblicazione, distribuzione, ecc. | 2001 |
| 300 ## - Descrizione fisica | |
| Estensione | 1 videocassetta (VHS) (130 min.) : |
| Altre particolarità fisiche | color., son |
| 500 ## - Nota generale | |
| Nota generale | Tit. del contenitore |
| 500 ## - Nota generale | |
| Nota generale | Ripr. del film del 2001; prod. USA; interpreti: Jonathan Wade-Drahos, Andre Khabbazi |
| 500 ## - Nota generale | |
| Nota generale | Film non adatto ai minori di 18 anni. |
| 700 1# - Accesso aggiunto--nome di persona | |
| Nome di persona | Shafer, Dirk |
| Numero del record di authority o numero standard | IT\ICCU\UBOV\056175 |
| 700 1# - Accesso aggiunto--nome di persona | |
| Nome di persona | Wade Drahos, Jonathan |
| Numero del record di authority o numero standard | IT\ICCU\UBOV\056184 |
| 700 1# - Accesso aggiunto--nome di persona | |
| Nome di persona | Khabbazi, Andre |
| Numero del record di authority o numero standard | IT\ICCU\UBOV\056185 |
| 982 #1 - EQUIVALENCE OR CROSS-REFERENCE-SERIES STATEMENT--CONFERENCE OR MEETING NAME/TITLE [LOCAL, CANADA] | |
| Collegamento | z01 |
| Nome del convegno o nome della giurisdizione come accesso | g |
| 942 ## - Dati aggiuntivi (Koha) | |
| Fonte della classificazione o dello schema di collocazione (segnatura) | Classificazione decimale Dewey |
| Tipo copia default (Koha) | Materiali visivi |
| Nasconto in Opac | No |
| 981 #1 - EQUIVALENCE OR CROSS-REFERENCE-SERIES STATEMENT--CORPORATE NAME/TITLE [LOCAL, CANADA] | |
| Collegamento | z01 |
| Nome dell'ente o nome della giurisdizione come accesso | b |
| Unità subordinata | xa2e |
| Status ritirato | Status smarrito: | Fonte della classificazione o dello schema di collocazione (segnatura) | Status danneggiato: | Escluso dal prestito | Biblioteca di appartenenza | Biblioteca corrente | Data di acquisti | Totale prestiti | Collocazione | Codice a barre | Data ultima revisione | Prezzo effettivo da | Tipo copia default (Koha) |
|---|---|---|---|---|---|---|---|---|---|---|---|---|---|
| Classificazione decimale Dewey | MILANO | Centro di documentazione Omologie (CIG Arcigay Milano) | MILANO | Centro di documentazione Omologie (CIG Arcigay Milano) | 02/05/2026 | 791.43 CIR SHA | 11890 | 02/05/2026 | 02/05/2026 | Materiali visivi |